| 000 | 00000nam 2200000za 4500 |
| 001 | 9.844872 |
| 003 | CaOODSP |
| 005 | 20221107152835 |
| 007 | cr ||||||||||| |
| 008 | 170929s1981 onc |o f|0| 0 fre d |
| 020 | |z0-660-90706-2 |
| 040 | |aCaOODSP|bfre |
| 043 | |an-cn--- |
| 086 | 1 |aCS82-539/1981F-PDF |
| 100 | 1 |aAdams, O. B. |
| 245 | 10|aInfluence économique sur la santé des Canadiens |h[ressource électronique] : |banalyse chronologique de taux canadiens de mortalité et de chômage, 1950-1977 / |cO.B. Adams. |
| 260 | |8Ottawa : |aStatistique Canada, |b1981. |
| 300 | |a68 p. |
| 500 | |aPubl. aussi en anglais sous le titre : Health and economic activity: a time-series analysis of Canadian mortality and unemployment rates, 1950-1977. |
| 500 | |aÉdition numérisée de l'imprimé [par Statistique Canada]. |
| 500 | |a« Décembre 1981. » |
| 504 | |aComprend des références bibliographiques. |
| 520 | |a« Cette étude se propose d'étudier dans le détail le lien statistique entre le taux de chômage et les taux de mortalité et de morbidité psychiatrique à partir des données canadiennes de l'après-guerre à nos jours (1950-1977). » |
| 692 | 07|2gccst|aSanté |
| 692 | 07|2gccst|aMort |
| 692 | 07|2gccst|aChômage |
| 710 | 1 |aCanada. |bStatistique Canada. |bDivision de la santé. |
| 775 | 08|tHealth and economic activity |w(CaOODSP)9.844867 |
| 856 | 40|qPDF|s2.59 Mo|uhttps://publications.gc.ca/collections/collection_2017/statcan/CS82-539-1981-fra.pdf |